000 00884nam2a22002291 4500
001 v19\rc\2013328
005 20250620002508.0
035 _a(NLR Aleph) 005094790
090 _a7334240
_c7334240
100 _a20080925d1902 |||y0rusy50 ca
101 0 _arus
102 _aRU
105 _ay z |||||
200 0 _a... за 1900 год
210 _d1902
_aБ. м.
215 _a12 с.
461 0 _1001v19\rc\2013322
_12001#$aЖурналы заседаний Совета Киевской еврейской больницы ...$v... за 1900 год
_97334179
_aКиевская еврейская больница
_cКиев
_d1902
_tЖурналы заседаний Совета Киевской еврейской больницы ...
_v... за 1900 год
801 0 _aRU
_bNLR
_gpsbo
801 1 _aRU
_bProSoft-M
_2rusmarc
852 _aNLR
_j18.269.2.37
942 _cBOOK
980 _aNB